| 000 | 00616nam a2200181 4500 | ||
|---|---|---|---|
| 001 | 126533 | ||
| 003 | ES-MaACL | ||
| 005 | 20230906192833.0 | ||
| 007 | t| | ||
| 008 | 070214s1963 sp r ||||1| spa d | ||
| 111 | 2 |
_aReunión de Aproximación Filosófico-Científica ( _cZaragoza ( _d1961) ( _n. 1ª) _9219281 |
|
| 245 | 1 | 3 |
_aLa cantidad / _corganizada por la Institución Fernando el Católico. |
| 260 |
_aZaragoza : _b[s.n.], _c1963 ( _fGráf. La Editorial) |
||
| 300 |
_a413 p. ; _c24 cm. |
||
| 710 | 2 |
_aInstitución "Fernando el Católico" _94721 |
|
| 852 |
_aES-MaACL _jC-24142 _bR.53134 |
||
| 999 |
_c126533 _d126533 |
||